Normal view
MARC view
Entry Geographic Name
001 - CONTROL NUMBER
- control field: 804322
003 - CONTROL NUMBER IDENTIFIER
- control field:
005 - DATE AND TIME OF LATEST TRANSACTION
- control field: 20210627055956.0
008 - FIXED-LENGTH DATA ELEMENTS
- fixed length control field: 210627|| aca||aabn | a|a d
040 ## - CATALOGING SOURCE
- Original cataloging agency:
- Transcribing agency:
151 ## - HEADING--GEOGRAPHIC NAME
- Geographic name: Mysore
- General subdivision: Politics and government
670 ## - SOURCE DATA FOUND
- Source citation: Work cat.: ()672463: Venkatasubba Sastri, K. N, 1895- 804321, An introduction to the history of the administration of Mysore /, 1937
